Pure theory of international trade and investment (Record no. 30572)

MARC details
000 -LEADER
fixed length control field 00298nam a2200109Ia 4500
082 ## - DEWEY DECIMAL CLASSIFICATION NUMBER
Classification number 339.5
Item number KEM
100 ## - MAIN ENTRY--AUTHOR NAME
Personal name KEMP, Murray C
245 #0 - TITLE STATEMENT
Title Pure theory of international trade and investment
260 ## - PUBLICATION, DISTRIBUTION, ETC. (IMPRINT)
Place of publication New Delhi
Name of publisher Prentice Hall
Year of publication 1971
942 ## - ADDED ENTRY ELEMENTS (KOHA)
Koha item type Books
Holdings
Withdrawn status Lost status Damaged status Not for loan Home library Current library Date acquired Full call number Accession Number Koha item type
        RRII Library RRII Library 16/12/2021 339.5 KEM 11143 Books